000 00818nam a22002531u 4500
001 06002
003 HDC
007 cr bn ---
008 210122p xx fo d 00 engg
040 _aHDC
245 0 _aFood Insecurity :
_b- Needed areas of focus
260 _a[No place] :
_b[publisher not identified],
_c2014
300 _a36 pages :
_bIllustrations
336 _atext
_2rdacontent
337 _acomputer
_2rdamedia
338 _aonline resource
_2rdacarrier
650 _aFood security
_94086
650 _aGlobal food
_94183
650 _aHalal industry
_9144
856 _zRequest full-text at [email protected]
942 _2lcc
942 _cSLIDE
942 _kSLID 000654
999 _c3326
_d3326